[Event "EST-ch7 email"]
[Site "Estonia"]
[Date "2004.01.15"]
[Round "?"]
[White "Otspere, Urmas"]
[Black "Raidaru, Mart"]
[Result "0-1"]
[WhiteElo "2020"]
[BlackElo "2098"]
[PlyCount "66"]
[EventDate "2004.??.??"]
[EventType "tourn (corr)"]
[EventRounds "12"]
[EventCountry "EST"]
[SourceTitle "Corr 2006"]
[Source "ChessBase"]
[SourceDate "2006.04.01"]
[SourceVersion "3"]
[SourceVersionDate "2006.04.01"]
[SourceQuality "1"]

1. d4 Nf6 2. c4 e6 3. Nc3 Bb4 4. e3 0-0 5. Bd3 d5 6. a3 dxc4 7. Bxc4 Bd6 8. Nf3 c5 9. Nb5 Be7 10. 0-0 a6 11. Nc3 b5 12. Bb3 Bb7 13. Bd2 Nc6 14. Rc1 cxd4 15. exd4 Nxd4 16. Nxd4 Qxd4 17. Be3 Qh4 18. Qe2 Rfd8 19. h3 Rac8 20. Rfd1 Bd6 21. Rd4 Bh2+ 22. Kxh2 Rxd4 23. Bxd4 Qf4+ 24. Kg1 Qxc1+ 25. Bd1 Qg5 26. f3 Nd5 27. Ne4 Qf4 28. Bf2 Qc1 29. Be1 Ne3 30. Bb3 Bxe4 31. fxe4 Nc2 32. Kf1 Nxe1 33. Qxe1 Qf4+ 0-1

[Event "EST-ch7 email"]
[Site "Estonia"]
[Date "2004.01.15"]
[Round "?"]
[White "Raidaru, Mart"]
[Black "Otspere, Urmas"]
[Result "1-0"]
[WhiteElo "2098"]
[BlackElo "2020"]
[PlyCount "73"]
[EventDate "2004.??.??"]
[EventType "tourn (corr)"]
[EventRounds "12"]
[EventCountry "EST"]
[SourceTitle "Corr 2006"]
[Source "ChessBase"]
[SourceDate "2006.04.01"]
[SourceVersion "3"]
[SourceVersionDate "2006.04.01"]
[SourceQuality "1"]

1. e4 c5 2. Nf3 Nc6 3. d4 cxd4 4. Nxd4 Nf6 5. Nc3 e5 6. Ndb5 d6 7. Bg5 a6 8. Na3 b5 9. Bxf6 gxf6 10. Nd5 f5 11. c3 Bg7 12. exf5 Bxf5 13. Nc2 Be6 14. a4 0-0 15. axb5 axb5 16. Rxa8 Qxa8 17. Nc7 Qa2 18. Bxb5 Qxb2 19. 0-0 Na7 20. Nxe6 fxe6 21. Bd7 Qxc3 22. Bxe6+ Kh8 23. Ne3 Nb5 24. Qd5 Nd4 25. Qxd6 Qd3 26. Qe7 Qg6 27. Bg4 Rg8 28. g3 Bf6 29. Qd6 Rd8 30. Qb6 e4 31. Rd1 Qg5 32. h4 Qg6 33. Rxd4 Rxd4 34. Bh5 Qh6 35. Nf5 Qc1+ 36. Kg2 Be5 37. Qe6 1-0

[Event "EST-chB email 4th"]
[Site "Estonia"]
[Date "2002.04.05"]
[Round "?"]
[White "Kauge, Aivar"]
[Black "Raidaru, Mart"]
[Result "0-1"]
[WhiteElo "2106"]
[BlackElo "1900"]
[PlyCount "56"]
[EventDate "2002.??.??"]
[EventType "tourn (corr)"]
[EventRounds "10"]
[EventCountry "EST"]
[SourceTitle "Corr 2006"]
[Source "ChessBase"]
[SourceDate "2006.04.01"]
[SourceVersion "3"]
[SourceVersionDate "2006.04.01"]
[SourceQuality "1"]

1. d4 Nf6 2. c4 e6 3. Nc3 Bb4 4. Qc2 d5 5. cxd5 exd5 6. a3 Bxc3+ 7. bxc3 c5 8. e3 0-0 9. Nf3 c4 10. Be2 Nc6 11. 0-0 Re8 12. Nd2 b5 13. Re1 a5 14. Bb2 Qd6 15. Bf3 Bg4 16. e4 Bxf3 17. e5 Qe6 18. Nxf3 Ne4 19. Nh4 b4 20. f3 Nxc3 21. Bxc3 bxc3 22. Qxc3 g5 23. f4 gxh4 24. Re3 Rab8 25. Rf1 Rb3 26. Qd2 Rxe3 27. Qxe3 Qf5 28. Qf2 h3 0-1

[Event "EST-chB email 4th"]
[Site "Estonia"]
[Date "2002.04.05"]
[Round "?"]
[White "Kaul, Indrek"]
[Black "Raidaru, Mart"]
[Result "1/2-1/2"]
[WhiteElo "1900"]
[BlackElo "1900"]
[PlyCount "110"]
[EventDate "2002.??.??"]
[EventType "tourn (corr)"]
[EventRounds "10"]
[EventCountry "EST"]
[SourceTitle "Corr 2006"]
[Source "ChessBase"]
[SourceDate "2006.04.01"]
[SourceVersion "3"]
[SourceVersionDate "2006.04.01"]
[SourceQuality "1"]

1. e4 e5 2. Bc4 Nf6 3. d4 exd4 4. Nf3 Nc6 5. e5 d5 6. Bb5 Ne4 7. Nxd4 Bd7 8. Bxc6 bxc6 9. 0-0 Bc5 10. Be3 Qe7 11. f3 Nd6 12. Bf2 Nf5 13. Nc3 Nxd4 14. Bxd4 0-0 15. Na4 Bb6 16. f4 c5 17. Nxb6 axb6 18. Bf2 d4 19. a3 Bf5 20. Qd2 Rfd8 21. Bg3 c4 22. Qf2 Rd5 23. Bh4 Qd7 24. Rfd1 c5 25. h3 Qc6 26. Rd2 Rd7 27. Qg3 Kh8 28. Rad1 h6 29. c3 Bd3 30. Rc1 Qe4 31. Qf2 b5 32. Kh2 Re8 33. Bg3 Kg8 34. Re1 Qf5 35. Rc1 f6 36. Re1 fxe5 37. Rxe5 Rxe5 38. fxe5 Qxf2 39. Rxf2 Be4 40. e6 Re7 41. Bd6 Rxe6 42. Bxc5 d3 43. Kg1 g5 44. Kf1 Kg7 45. Bd4+ Kg6 46. Rd2 h5 47. Rf2 g4 48. hxg4 h4 49. g5 Kxg5 50. Be3+ Kg4 51. Bd2 Bd5 52. Rf4+ Kg3 53. Rf2 Re2 54. Bf4+ Kg4 55. Bh6 Re6 1/2-1/2

[Event "EST-chB email 4th"]
[Site "Estonia"]
[Date "2002.04.05"]
[Round "?"]
[White "Raidaru, Mart"]
[Black "Kaul, Indrek"]
[Result "1/2-1/2"]
[WhiteElo "1900"]
[BlackElo "1900"]
[PlyCount "29"]
[EventDate "2002.??.??"]
[EventType "tourn (corr)"]
[EventRounds "10"]
[EventCountry "EST"]
[SourceTitle "Corr 2006"]
[Source "ChessBase"]
[SourceDate "2006.04.01"]
[SourceVersion "3"]
[SourceVersionDate "2006.04.01"]
[SourceQuality "1"]

1. d4 d5 2. Nf3 e6 3. e3 c5 4. c4 Nf6 5. Nc3 cxd4 6. Qxd4 Bc5 7. Nxd5 Nxd5 8. Ke2 Bd6 9. Rg1 h5 10. Ng5 Kf8 11. b4 Bf4 12. h4 f6 13. Rh1 Rh6 14. a4 a5 15. b5 1/2-1/2

[Event "EST-chB email 4th"]
[Site "Estonia"]
[Date "2002.04.05"]
[Round "?"]
[White "Raidaru, Mart"]
[Black "Paltser, Peter"]
[Result "1-0"]
[WhiteElo "1900"]
[BlackElo "2035"]
[PlyCount "63"]
[EventDate "2002.??.??"]
[EventType "tourn (corr)"]
[EventRounds "10"]
[EventCountry "EST"]
[SourceTitle "Corr 2006"]
[Source "ChessBase"]
[SourceDate "2006.04.01"]
[SourceVersion "3"]
[SourceVersionDate "2006.04.01"]
[SourceQuality "1"]

1. e4 c5 2. Nf3 d6 3. d4 cxd4 4. Nxd4 Nf6 5. Nc3 e6 6. g3 Nc6 7. Bg2 Bd7 8. Ndb5 Qb8 9. Bf4 Ne5 10. Bg5 a6 11. Bxf6 gxf6 12. Nd4 Bg7 13. Nf3 0-0 14. Nxe5 fxe5 15. Qd2 Bc6 16. 0-0 Qc7 17. Rad1 Rad8 18. b3 f5 19. exf5 Bxg2 20. Kxg2 Rxf5 21. Ne4 d5 22. c4 Rff8 23. cxd5 exd5 24. Nc3 d4 25. Ne4 Qc6 26. Qd3 Qd7 27. Rc1 Rf5 28. Nc5 Qd5+ 29. f3 Rf7 30. Ne4 Qe6 31. Nc5 Bh6 32. Nxe6 1-0